Online Catalogue and eLibrary

Contemporary feminist utopianism / (Record no. 120)

MARC details
000 -LEADER
fixed length control field 00696pam a2200241 a 4500
001 - CONTROL NUMBER
control field 1633314
005 - DATE AND TIME OF LATEST TRANSACTION
control field 20231204004425.0
008 - FIXED-LENGTH DATA ELEMENTS--GENERAL INFORMATION
fixed length control field 960214s1996 enk b 001 0 eng
020 ## - INTERNATIONAL STANDARD BOOK NUMBER
ISBN 0415141753 (cloth)
020 ## - INTERNATIONAL STANDARD BOOK NUMBER
ISBN 0415141761 (paper)
040 ## - CATALOGING SOURCE (பட்டியலாக்க மூலம்)
Original cataloging agency DLC
Transcribing agency DLC
Modifying agency DLC
082 00 - DDC Classification
Class No. 305.42
DDC Edition Number 20
Item Number - Author Mark LUC.
100 1# - MAIN ENTRY--PERSONAL NAME
Personal name Sargisson, Lucy,
245 10 - TITLE STATEMENT
Title Contemporary feminist utopianism /
Statement of responsibility, etc. Lucy Sargisson.
260 ## - PUBLICATION, DISTRIBUTION, ETC.
Place of publication, distribution, etc. London ;
-- New York :
Name of publisher, distributor, etc. Routledge,
Date of publication, distribution, etc. 1996.
300 ## - PHYSICAL DESCRIPTION
Extent (e.g. Volumes, Pages etc.) x, 258 p. ;
490 1# - SERIES STATEMENT
Series statement Women and politics
650 #0 - SUBJECT ADDED ENTRY--TOPICAL TERM
Topical term or geographic name entry element Utopias.
650 #0 - SUBJECT ADDED ENTRY--TOPICAL TERM
Topical term or geographic name entry element Feminist theory.
650 #0 - SUBJECT ADDED ENTRY--TOPICAL TERM
Topical term or geographic name entry element Feminist criticism.
856 42 - ELECTRONIC LOCATION AND ACCESS
Uniform Resource Identifier <a href="http://www.loc.gov/catdir/enhancements/fy0649/96007014-d.html">http://www.loc.gov/catdir/enhancements/fy0649/96007014-d.html</a>
942 ## - Koha item type (Biblio)
Koha item type Books in Stacks (Lending)
Holdings
Lost status Damaged status Collection code Home library Current library Date acquired Full call number Accession Number Item type
    Lending WERC Library WERC Library 12/04/2023 305.42 LUC. 2427 Books in Stacks (Lending)

© WERC Library